Cơ sở dữ liệu quan hệ và ứng dụng

Gồm 4 chươngng : Các khái niệm cơ bản; Cơ sở dữ liệu quan hệ; tập thô và ứng dụng; Hệ tin và các ứng dụng

Na minha lista:
Detalhes bibliográficos
Autor principal: Nguyễn, Bá Tường
Formato: Livro
Idioma:Undetermined
Publicado em: Hà Nội Thông tin và Truyền thông 2011
Assuntos:
Tags: Adicionar Tag
Sem tags, seja o primeiro a adicionar uma tag!
Thư viện lưu trữ: Trung tâm Học liệu Trường Đại học Cần Thơ
LEADER 00830nam a2200217Ia 4500
001 CTU_202623
008 210402s9999 xx 000 0 und d
020 |c 55000 
082 |a 005.756 
082 |b T561 
100 |a Nguyễn, Bá Tường 
245 0 |a Cơ sở dữ liệu quan hệ và ứng dụng 
245 0 |c Nguyễn Bá Tường 
260 |a Hà Nội 
260 |b Thông tin và Truyền thông 
260 |c 2011 
520 |a Gồm 4 chươngng : Các khái niệm cơ bản; Cơ sở dữ liệu quan hệ; tập thô và ứng dụng; Hệ tin và các ứng dụng 
650 |a Cơ sở dữ liệu quan hệ,Relational databases 
904 |i Nguyên 
910 |a Khoa 
980 |a Trung tâm Học liệu Trường Đại học Cần Thơ